Score 0/12 Timer 01:30
0 Plays Today
Lyrics 4-Letter Word % Correct
I ain't got nothin' but ____, babe, eight days a week.LOVE
96%
It's such a feeling that my ____ I can't hide, I can't hide, I can't hide.LOVE
96%
We all ____ in a yellow submarine, yellow submarine, yellow submarine.LIVE
92%
And I found that love was ____ than just holding hands.MORE
90.5%
Doesn't ____ a point of view, knows not where he's going to.HAVE
86.5%
It's a thousand pages, ____ or take a few.GIVE
84.9%
Don't leave me waiting ____. Lead me to your door.HERE
84.6%
I said ____ over, honey. I'm travelin' on that line.MOVE
82.1%
You ____ made to go out and get her.WERE
80.9%
You ____ me the word. I finally heard. I'm doing the best that I can.GAVE
80.3%
Elementary penguin singing ____ Krishna.HARE
79.4%
For red is the color that my baby ____.WORE
73.3%

Today's Daily Dose

Missing Word
I Hardly Know Her!

Word Ladder
Sentence Ending

Quick Pick
Female Firsts

Get the Picture
Triathlon Sports

Remove Ads.
Support Sporcle.
Get the best of Sporcle when you Go Orange. This ad-free experience offers more features, more stats, and more fun while also helping to support Sporcle. Thank you for becoming a member.

You're not logged in!

Compare scores with friends on all Sporcle quizzes.
OR
Log In

Show Comments

Extras

Top Quizzes Today


Score Distribution

Your Account Isn't Verified!

In order to create a playlist on Sporcle, you need to verify the email address you used during registration. Go to your Sporcle Settings to finish the process.

Report this User

Report this user for behavior that violates our Community Guidelines.

Details: